[Event "RSSU-18 op"]
[Site "Moscow"]
[Date "2009.10.17"]
[Round "1"]
[White "Dubrovin, Anatoly"]
[Black "Repina, Varvara"]
[Result "0-1"]
[WhiteElo "1994"]
[BlackElo "2278"]
[PlyCount "116"]
[EventDate "2009.10.17"]
[EventType "swiss"]
[EventRounds "9"]
[EventCountry "RUS"]
[SourceTitle "EXT 2022"]
[Source "ChessBase"]
[SourceDate "2021.10.06"]
[SourceVersion "1"]
[SourceVersionDate "2021.10.06"]
[SourceQuality "1"]

1. e4 c5 2. Nf3 d6 3. d4 cxd4 4. Nxd4 Nf6 5. Nc3 a6 6. Be2 Nbd7 7. Be3 b5 8. a3 Bb7 9. f3 g6 10. Qd2 Bg7 11. Bh6 0-0 12. Bxg7 Kxg7 13. 0-0 Rc8 14. Nd1 e5 15. Nb3 d5 16. exd5 Nxd5 17. Nf2 Nf4 18. Nd3 Nxe2+ 19. Qxe2 Re8 20. Qf2 Qc7 21. Rac1 Ba8 22. Rfe1 h5 23. Nd2 Nc5 24. Nxc5 Qxc5 25. Ne4 Qxf2+ 26. Kxf2 Red8 27. c3 h4 28. Re2 Bd5 29. Nd2 f6 30. Rc2 Rc7 31. Nf1 Bc4 32. Red2 Bd3 33. Rc1 Rcd7 34. Rcd1 f5 35. Ne3 a5 36. Nc2 f4 37. Ne1 Bf5 38. Rxd7+ Rxd7 39. Rxd7+ Bxd7 40. Nd3 Kf6 41. Nc5 Bc6 42. b3 Ke7 43. a4 bxa4 44. bxa4 Bd5 45. Nd3 Kd6 46. g3 fxg3+ 47. hxg3 h3 48. Ne1 Bc6 49. g4 Bxa4 50. Kg3 Bd1 51. Nd3 a4 52. Nb2 Bb3 53. Nd3 a3 54. Nc1 Bd5 55. Kxh3 Bxf3 56. Nb3 Bd1 57. Na1 Kc5 58. Kh4 Kc4 0-1

[Event "EU-ch U18 Girls 19th"]
[Site "Fermo"]
[Date "2009.09.02"]
[Round "3"]
[White "Repina, Varvara"]
[Black "Skinke, Katrina"]
[Result "1-0"]
[WhiteElo "2264"]
[BlackElo "2200"]
[PlyCount "55"]
[EventDate "2009.08.31"]
[EventType "swiss"]
[EventRounds "9"]
[EventCountry "ITA"]
[SourceTitle "CBM 132 Extra"]
[Source "ChessBase"]
[SourceDate "2009.11.03"]
[SourceVersion "1"]
[SourceVersionDate "2009.11.03"]
[SourceQuality "1"]

1. e4 d6 2. d4 Nf6 3. Nc3 g6 4. Be3 c6 5. h3 Nbd7 6. g4 e5 7. Bg2 Bg7 8. Nge2 h5 9. g5 Nh7 10. h4 Qc7 11. f4 Nb6 12. Qd3 exf4 13. Bxf4 Bg4 14. a4 a6 15. a5 Nc8 16. e5 Qe7 17. d5 c5 18. e6 Bf5 19. Be4 fxe6 20. dxe6 0-0 21. 0-0-0 Qd8 22. Qc4 Kh8 23. Bxb7 Rb8 24. Bxc8 Qxc8 25. e7 Re8 26. Bxd6 Rxe7 27. Bxe7 Qb7 28. Qb3 1-0

[Event "EU-ch U18 Girls 19th"]
[Site "Fermo"]
[Date "2009.09.01"]
[Round "2"]
[White "Olsarova, Tereza"]
[Black "Repina, Varvara"]
[Result "0-1"]
[WhiteElo "2127"]
[BlackElo "2264"]
[PlyCount "76"]
[EventDate "2009.08.31"]
[EventType "swiss"]
[EventRounds "9"]
[EventCountry "ITA"]
[SourceTitle "CBM 132 Extra"]
[Source "ChessBase"]
[SourceDate "2009.11.03"]
[SourceVersion "1"]
[SourceVersionDate "2009.11.03"]
[SourceQuality "1"]

1. e4 c5 2. Nf3 d6 3. d4 cxd4 4. Nxd4 Nf6 5. Nc3 a6 6. Bc4 e6 7. Bb3 Nbd7 8. Bg5 Qa5 9. Qd2 Be7 10. 0-0-0 Nc5 11. Rhe1 0-0 12. Kb1 Qc7 13. f4 h6 14. Bxf6 Bxf6 15. g4 b5 16. g5 hxg5 17. fxg5 Be5 18. Nf3 Bb7 19. Nxe5 dxe5 20. Qg2 Bc6 21. g6 fxg6 22. Qxg6 Rf6 23. Qg1 Qe7 24. Qe3 a5 25. a3 b4 26. axb4 axb4 27. Na2 Bxe4 28. Nxb4 Nxb3 29. Qxb3 Qa7 30. Qa2 Qf2 31. Qc4 Bf3 32. Rc1 Qa7 33. Qa2 Qe7 34. Qb3 Rf4 35. Rxe5 Rxb4 36. Qxf3 Qa7 37. c4 Qa1+ 38. Kc2 Qxb2+ 0-1

[Event "RUS-chT Clubs U18"]
[Site "Rybinsk"]
[Date "2009.08.06"]
[Round "5"]
[White "Repina, Varvara"]
[Black "Chekhov, Sergey"]
[Result "0-1"]
[WhiteElo "2264"]
[BlackElo "2328"]
[PlyCount "54"]
[EventDate "2009.08.02"]
[EventType "team-swiss"]
[EventRounds "9"]
[EventCountry "RUS"]
[SourceTitle "CBM 131 Extra"]
[Source "ChessBase"]
[SourceDate "2009.09.03"]
[SourceVersion "2"]
[SourceVersionDate "2009.09.16"]
[SourceQuality "1"]

1. d4 d6 2. Nf3 Nf6 3. c4 g6 4. Nc3 Bg7 5. g3 0-0 6. Bg2 c6 7. 0-0 a6 8. e4 b5 9. e5 Nfd7 10. e6 fxe6 11. Qe2 e5 12. d5 b4 13. dxc6 bxc3 14. cxd7 Bxd7 15. Ng5 Nc6 16. Bd5+ Kh8 17. Qe4 cxb2 18. Bxb2 Rb8 19. Bc1 Nd4 20. Kg2 e6 21. Qh4 h6 22. Be4 Nf5 23. Qh3 Kg8 24. Nf3 Qc7 25. g4 Bc6 26. Nd2 Nd4 27. Qe3 Nc2 0-1

[Event "RUS-ch U18 Girls"]
[Site "Dagomys"]
[Date "2009.04.21"]
[Round "7"]
[White "Repina, Varvara"]
[Black "Fastova, Tatiana"]
[Result "1-0"]
[WhiteElo "2292"]
[BlackElo "2044"]
[PlyCount "95"]
[EventDate "2009.04.15"]
[EventType "swiss"]
[EventRounds "9"]
[EventCountry "RUS"]
[SourceTitle "CBM 130 Extra"]
[Source "ChessBase"]
[SourceDate "2009.07.02"]
[SourceVersion "2"]
[SourceVersionDate "2009.07.15"]
[SourceQuality "1"]

1. d4 d5 2. c4 dxc4 3. Nf3 Nf6 4. e3 e6 5. Bxc4 c5 6. Nc3 a6 7. a4 Nc6 8. 0-0 Be7 9. dxc5 Qxd1 10. Rxd1 Bxc5 11. b3 Na5 12. Nd2 Nxc4 13. Nxc4 Ke7 14. Rb1 a5 15. Nb5 Bd7 16. Ne5 Bxb5 17. axb5 Rhd8 18. Bb2 Rac8 19. Nc4 Bb4 20. f3 g6 21. e4 Ne8 22. Be5 Nd6 23. Bxd6+ Bxd6 24. Nxa5 Rc7 25. Nc4 Rc5 26. b6 Rb5 27. Kf2 Bc5+ 28. Ke2 Bxb6 29. Rxd8 Bxd8 30. b4 Bc7 31. h3 Bd6 32. Nxd6 Kxd6 33. Kd3 Rb6 34. Kc4 Rc6+ 35. Kb5 Kc7 36. Rb2 Rc1 37. Ra2 f5 38. exf5 exf5 39. Re2 Kd6 40. Kb6 Rb1 41. b5 g5 42. Rc2 h5 43. Rc5 Ke6 44. Kxb7 g4 45. b6 Rb2 46. fxg4 hxg4 47. hxg4 fxg4 48. Kc7 1-0

[Event "RUS-ch U18 Girls"]
[Site "Dagomys"]
[Date "2009.04.20"]
[Round "6"]
[White "Zaichenko, Daria"]
[Black "Repina, Varvara"]
[Result "1-0"]
[WhiteElo "2066"]
[BlackElo "2292"]
[PlyCount "47"]
[EventDate "2009.04.15"]
[EventType "swiss"]
[EventRounds "9"]
[EventCountry "RUS"]
[SourceTitle "CBM 130 Extra"]
[Source "ChessBase"]
[SourceDate "2009.07.02"]
[SourceVersion "2"]
[SourceVersionDate "2009.07.15"]
[SourceQuality "1"]

1. d4 d5 2. c4 e6 3. Nf3 Nf6 4. g3 dxc4 5. Bg2 Nc6 6. 0-0 Rb8 7. Nc3 b5 8. Ne5 Nxe5 9. dxe5 Nd7 10. Qd4 c5 11. Qf4 Qc7 12. a4 a6 13. axb5 axb5 14. Rd1 Nxe5 15. Bc6+ Qxc6 16. Qxe5 Rb6 17. Ne4 f6 18. Nxf6+ Kf7 19. Ne4 Be7 20. Bg5 Bb7 21. f3 Re8 22. Bxe7 Rxe7 23. Rd8 Rd7 24. Qh5+ 1-0

[Event "Moscow-ch (Women)"]
[Site "Moscow"]
[Date "2009.03.24"]
[Round "2"]
[White "Golovkina, Olga"]
[Black "Repina, Varvara"]
[Result "1-0"]
[WhiteElo "2125"]
[BlackElo "2258"]
[PlyCount "67"]
[EventDate "2009.03.23"]
[EventType "swiss"]
[EventRounds "9"]
[EventCountry "RUS"]
[SourceTitle "EXT 2010"]
[Source "ChessBase"]
[SourceDate "2010.11.25"]
[SourceVersion "1"]
[SourceVersionDate "2010.11.25"]
[SourceQuality "1"]

1. e4 c5 2. Nf3 d6 3. d4 cxd4 4. Nxd4 Nf6 5. Nc3 a6 6. h3 g6 7. g4 Bg7 8. Bg2 0-0 9. Be3 Nc6 10. Qd2 Bd7 11. g5 Nh5 12. Nce2 Rc8 13. Bf3 Na5 14. Bxh5 Nc4 15. Qc1 gxh5 16. c3 h4 17. Nf5 Ne5 18. Qc2 Nf3+ 19. Kf1 Bxf5 20. exf5 d5 21. Kg2 d4 22. Kxf3 d3 23. Qb3 dxe2 24. Kxe2 Qd7 25. Qc2 f6 26. Rag1 Qb5+ 27. Ke1 Qd5 28. Qb3 Rc4 29. Rh2 b5 30. gxf6 Rxf6 31. Rhg2 Rf7 32. Qd1 Qxd1+ 33. Kxd1 Rc6 34. Bd4 1-0